000 00295nam a22001337a 4500
008 260324b ||||| |||| 00| 0 eng d
020 _a9789951053495
041 _aeng
080 _a821.18
100 _a25
101 _angjarje
245 _aShkolla e Pyllit
_cBedri Dedja
942 _2udc
_cBK
999 _c60921
_d60921